000 01052cab a2200289 4500
001 ABS54501
008 090401t1996 xxu||||| |||| 00| 0 eng d
035 _a(Sirsi) u10843
041 _aeng
100 _aAlexander, K.
245 _aFinancing facilities development
260 _c1996
350 _a0
490 _aFacilities Management
_v3(3) February 1996, 4-6(3)
520 _aLooks at the financial benefits of facilities and argues that organisations should identify the total costs of ownership and investigate appropriate life cycle funding as a precursor to building the business case for investing in facilities development. (Journal abstract)
650 _aBIFM PROTOCOL
650 _aCENTRE FOR FACILITIES MANAGEMENT
650 _aFACILITIES MANAGEMENT
_96240
650 _aFACILITIES PLAN
650 _aOPERATING COSTS
650 _aPERFORMANCE INDICATORS
650 _aPERFORMANCE MEASUREMENT
650 _aPRIVATE FINANCE INITIATIVE
690 _aCOMMERCIAL PROPERTY-MANAGEMENT
942 _n0
948 _c04/03/1997
999 _c6901
_d6901